| 000 -LEADER |
| fixed length control field |
00975nam a22001937a 4500 |
| 003 - CONTROL NUMBER IDENTIFIER |
| control field |
OSt |
| 005 - DATE AND TIME OF LATEST TRANSACTION |
| control field |
20260122194100.0 |
| 008 - FIXED-LENGTH DATA ELEMENTS--GENERAL INFORMATION |
| fixed length control field |
230308b ||||| |||| 00| 0 eng d |
| 040 ## - CATALOGING SOURCE |
| Transcribing agency |
Ost |
| 041 ## - LANGUAGE CODE |
| Language code of text/sound track or separate title |
Shan |
| 082 ## - DEWEY DECIMAL CLASSIFICATION NUMBER |
| Classification number |
294.34433 |
| 245 ## - TITLE STATEMENT |
| Title |
ပပ်ႉထမ်းၵႂၢမ်းဝႆႈၽြႃးလႄႈၵမ်ႇမထၢၼ်းၸဝ်ႈၽြႃးထံးဝုၼ်းၸုမ်ႉ |
| Remainder of title |
ဝတ်ႉၾႃႉထၢတ်ႈလွၼ်းလိူင်းဢိူင်ႇမိူင်းၽူင်းသၢႆလႅၼ်မိူင်းၸုဝဵင်းတႃႈၶီႈလဵၵ်း |
| Statement of responsibility, etc. |
ၸၢႆးၶိူဝ်းလီ ၶပ်းၶိုင်- |
| 260 ## - PUBLICATION, DISTRIBUTION, ETC. |
| Name of publisher, distributor, etc. |
ဝူင်းဝၼ်း |
| Date of publication, distribution, etc. |
1999 |
| 300 ## - PHYSICAL DESCRIPTION |
| Extent |
61 ၼႃႈ |
| Other physical details |
လွၵ်းၸဝ်ႈတႃႇၼ |
| Dimensions |
21 ၸိၼ်ႇထီႇ |
| 500 ## - GENERAL NOTE |
| General note |
S-SAT: Dr. Prof Sai Aung Tun |
| 650 ## - SUBJECT ADDED ENTRY--TOPICAL TERM |
| Topical term or geographic name entry element |
ထမ်းဝႆႈၽြႃး |
| 942 ## - ADDED ENTRY ELEMENTS (KOHA) |
| Koha item type |
Book (Short term) |
| 650 ## - SUBJECT ADDED ENTRY--TOPICAL TERM |
| 9 (RLIN) |
20673 |
|
| Source of classification or shelving scheme |
|